| 000 | 00524nam a2200169 a 4500 | ||
|---|---|---|---|
| 001 | 000039977 | ||
| 005 | 20240305135410.0 | ||
| 008 | 130801s1983 ng 000 0 spa d | ||
| 040 |
_aDO-SdBNP _bspa _cBNPHU |
||
| 100 | 1 |
_aGarcía Márquez, Gabriel, _b1928-2014 _91804 |
|
| 245 | 1 | 3 |
_aEl asalto / _cGabriel García Márquez. |
| 250 | _a2a ed. | ||
| 260 |
_aManagua, Nicaragua : _bNueva Nicaragua, _c1983. |
||
| 300 |
_a143 p. ; _c20 cm. |
||
| 490 | 1 | _aPalabra de Nuestra América | |
| 830 | 0 |
_aPalabra de Nuestra América _910691 |
|
| 999 |
_c39467 _d39467 |
||